LDR 00701naa#a2200193#i#450# 001 EN\\bibl\120269 005 20260417194800.5 011 ## _a1819-4036 100 ## _a20210331b2021####ek#y0engy0150####ca 102 ## _aRU 200 1# _aOPTIMIZATION OF VIABILITY INDICATORS OF BEES UNDER TECHNOGENESIS CONDITIONS _eJournal article 210 1# _aKrasnoyarsk _cKrasnoyarsk State Agrarian University _d2021 215 ## _a4 с. 608 ## _aJournal article _2local 675 ## _aУход, разведение и содержание насекомых и прочих членистоногих. 638 _z 700 #1 _aPashayan _gSusanna Arestovna 700 #1 _aSidorova _gKlavdiya Aleksandrovna 700 #1 _a _g 856 4# _asej.kgau.ru _u